[Event "AUTO-MASTER-419"]
[Site "http://www.queenalice.com/game.php?id=377161"]
[Date "2008.3.26"]
[Round "2"]
[White "Camaraujo"]
[Black "Alberlandes"]
[Result "0-1"]
[WhiteElo "2127"]
[BlackElo "1942"]

1. d4 d5 2. c4 dxc4 3. e3 Be6 4. Na3 Bd5 5. Nxc4 e6 6. Nf3 Bb4+ 7. Bd2 Be7 8.
Bd3 Nf6 9. O-O O-O 10. Nce5 Nbd7 11. Qc2 Bxf3 12. Nxf3 g6 13. e4 Nb6 14. a4 a5
15. Qc1 Nh5 16. Bh6 Ng7 17. Qe3 f5 18. Rfc1 Rc8 19. exf5 Nxf5 20. Qxe6+ Rf7 21.
Bxf5 gxf5 22. Ne5 Qd5 23. Qxf7+ Qxf7 24. Nxf7 Kxf7 25. Bd2 Bb4 26. Bxb4 axb4 27.
Rc5 Kf6 28. a5 Nd7 29. Rb5 b6 0-1

[Event "AUTO-MASTER-419"]
[Site "http://www.queenalice.com/game.php?id=377162"]
[Date "2008.3.26"]
[Round "2"]
[White "Alberlandes"]
[Black "Camaraujo"]
[Result "1-0"]
[WhiteElo "1917"]
[BlackElo "2146"]

1. d4 Nf6 2. c4 e6 3. Nc3 Bb4 4. Bg5 c5 5. Qb3 Nc6 6. d5 Na5 7. Qc2 Nxc4 8. e4
Ne5 9. dxe6 fxe6 10. a3 Ba5 11. Be2 d5 12. exd5 Bxc3+ 13. bxc3 Qxd5 14. Nf3
Nxf3+ 15. Bxf3 Qxg5 16. O-O O-O 17. Rae1 g6 18. Qb3 Nd5 19. Bxd5 exd5 20. f4 Qd8
21. Re5 c4 22. Qb5 Qb6+ 23. Qxb6 axb6 24. Ra1 Rd8 25. Re7 d4 26. cxd4 Rxd4 27.
Re8+ Kf7 28. Rae1 Rd1 29. Re7+ 1-0

[Event "AUTO-MASTER-419"]
[Site "http://www.queenalice.com/game.php?id=377167"]
[Date "2008.3.26"]
[Round "2"]
[White "Alberlandes"]
[Black "cardi"]
[Result "0-1"]
[WhiteElo "1931"]
[BlackElo "2043"]

1. d4 d5 2. Nf3 Nc6 3. Bg5 Bg4 4. e3 Qd6 5. Be2 Qb4+ 6. Nbd2 O-O-O 7. Rb1 h6 8.
c3 Qa5 9. b4 Qxa2 10. Bh4 g5 11. Bg3 e6 12. O-O Bf5 13. b5 Bc2 14. Qc1 Ba3 15.
Qe1 Na5 16. b6 axb6 17. Ra1 Qb2 18. Ne5 Rh7 19. c4 Bb4 20. Nd3 Bxd3 21. Bxd3 Rg7
22. Rd1 dxc4 23. Bxc4 Nxc4 24. Nxc4 Bxe1 25. Nxb2 Bb4 26. e4 Bc3 27. Rc1 f5 28.
Be5 Bxb2 29. Rb1 Bxd4 30. Bxg7 Bxg7 31. f3 Bd4+ 32. Kh1 f4 33. Rfd1 e5 34. h4
Nf6 35. Kh2 g4 36. Rdc1 h5 37. Rb5 Rd6 38. Rb4 c5 39. Ra4 Kc7 40. Rac4 Kc6 41.
R1c2 b5 42. Rxd4 Rxd4 43. Ra2 b4 44. Ra8 b3 45. Rc8+ Kb6 46. Rf8 g3+ 47. Kh3 Ng4
48. Rf6+ Kc7 0-1

[Event "AUTO-MASTER-419"]
[Site "http://www.queenalice.com/game.php?id=377168"]
[Date "2008.3.26"]
[Round "2"]
[White "cardi"]
[Black "Alberlandes"]
[Result "1/2-1/2"]
[WhiteElo "2075"]
[BlackElo "1894"]

1. d4 d5 2. c4 Nf6 3. Nc3 Bg4 4. Bg5 dxc4 5. Qa4+ c6 6. Qxc4 Be6 7. Qb4 b5 8. d5
a5 9. Qc5 Nxd5 10. O-O-O g6 11. e4 Nd7 12. Qxc6 Rc8 13. exd5 Rxc6 14. dxc6 Qc7
15. cxd7+ Bxd7 16. Kb1 b4 17. Bb5 Bxb5 18. Nxb5 Qe5 19. Nd6+ exd6 20. Nf3 Qe4+
21. Ka1 Kd7 22. Rhe1 Qf5 23. Bh4 f6 24. Nd4 Qh5 25. Bxf6 Rg8 26. h3 b3 27. Nxb3
Bg7 28. Re7+ Kc8 29. Rc1+ Kb8 30. Bxg7 Rxg7 31. Rxg7 Qe5 32. Rxh7 a4 33. Nd2 a3
34. Nc4 axb2+ 35. Nxb2 Qe2 36. Rhc7 Qxf2 37. R7c2 Qf6 38. Rc8+ Kb7 39. R1c7+ Kb6
40. Rc3 Qf1+ 41. Rc1 Qf6 42. Rb8+ Ka7 43. Rb3 Qd4 44. a4 d5 45. Ka2 Qd2 46. Rc7+
Ka8 47. a5 g5 48. a6 Qa5+ 49. Na4 Qxc7 50. Kb2 Qg7+ 51. Ka2 Qg6 52. Nb6+ Ka7 53.
Nc8+ Kxa6 54. Rb6+ Qxb6 55. Nxb6 Kxb6 56. Kb3 Kc5 57. Kc3 d4+ 58. Kd3 Kd5 59. g3
Ke5 60. h4 gxh4 1/2-1/2

[Event "AUTO-MASTER-419"]
[Site "http://www.queenalice.com/game.php?id=377169"]
[Date "2008.3.26"]
[Round "2"]
[White "Alberlandes"]
[Black "Chuzete"]
[Result "0-1"]
[WhiteElo "1912"]
[BlackElo "2299"]

1. d4 d5 2. Nc3 Nf6 3. Bg5 Nbd7 4. e3 e6 5. Nf3 Be7 6. Bd3 c5 7. Bb5 O-O 8. O-O
a6 9. Be2 b6 10. Ne5 Nxe5 11. dxe5 Nd7 12. Bf4 Bb7 13. Bf3 Qc7 14. Nxd5 exd5 15.
Bxd5 Rad8 16. e6 Ne5 17. exf7+ Kh8 18. e4 Bxd5 19. exd5 Bf6 20. c4 Qxf7 21. Bxe5
Bxe5 22. Qc2 Qf4 23. g3 Qf3 24. Rae1 Bd4 25. Re2 Rde8 26. Rxe8 Rxe8 27. d6 Re2
0-1

[Event "AUTO-MASTER-419"]
[Site "http://www.queenalice.com/game.php?id=377170"]
[Date "2008.3.26"]
[Round "2"]
[White "Chuzete"]
[Black "Alberlandes"]
[Result "1-0"]
[WhiteElo "2298"]
[BlackElo "1916"]

1. d4 d5 2. Nf3 Nc6 3. g3 Bg4 4. Bg2 Nf6 5. O-O e6 6. c4 dxc4 7. Qa4 Bd6 8. Qxc4
O-O 9. Nc3 e5 10. dxe5 Nxe5 11. Nxe5 Bxe5 12. Bxb7 Rb8 13. Rd1 Qe7 14. Bg2 Rfd8
15. Rxd8+ Rxd8 16. Bg5 Rd4 17. Qb3 h6 18. Nd5 Rxd5 19. Bxf6 Qxf6 20. Qxd5 Be6
21. Qa8+ Kh7 22. Rd1 Bxb2 23. Qxa7 Be5 24. Bd5 Bg4 25. Qe3 Bh3 26. Bxf7 Bd6 27.
Qe8 h5 28. Qg8+ 1-0

[Event "AUTO-INT-617"]
[Site "http://www.queenalice.com/game.php?id=388988"]
[Date "2008.4.17"]
[Round "2"]
[White "jonathanodonnell"]
[Black "Alberlandes"]
[Result "0-1"]
[WhiteElo "1886"]
[BlackElo "1910"]

1. e4 c5 2. Nf3 Nc6 3. d4 cxd4 4. Nxd4 e5 5. Nxc6 bxc6 6. Bc4 Nf6 7. Nc3 Bb4 8.
Qf3 O-O 9. O-O Bxc3 10. Qxc3 Nxe4 11. Qxe5 d5 12. Bd3 Re8 13. Qd4 c5 14. Qa4 Bd7
15. Bb5 Bxb5 16. Qxb5 Re6 17. f3 Rb8 18. Qd3 c4 19. Qd4 c3 20. fxe4 Rxe4 21.
Qxc3 Rc8 22. Qf3 Qb6+ 23. Kh1 f6 24. Bf4 Rxc2 25. Rab1 Qe6 26. Bg3 Ree2 27. Bf2
h6 28. Kg1 Qe4 29. Qxe4 dxe4 30. Rbe1 e3 31. Rxe2 Rxe2 32. Bg3 Rxb2 33. Re1 Rxa2
34. Rxe3 a5 35. Bd6 Rd2 36. Bg3 a4 37. Ra3 Rd4 38. Kf2 f5 39. Kf3 Re4 40. Bf2 g5
41. g3 g4+ 42. Kg2 Kf7 43. h4 Kg6 44. Re3 Rc4 45. Ra3 f4 46. gxf4 Rxf4 47. Bg3
Re4 48. Bd6 Kf5 49. Kg3 h5 50. Rc3 Ke6 51. Ba3 Rd4 52. Kf2 Rf4+ 53. Ke3 Rf3+ 54.
Kd4 Rxc3 55. Kxc3 Kd5 56. Bc1 Ke4 57. Kd2 Kf3 58. Ke1 Kg2 59. Ke2 g3 60. Be3 a3
61. Bd4 a2 62. Kd2 Kh3 63. Kc2 Kxh4 64. Kb2 Kh3 65. Kxa2 h4 66. Kb2 Kg2 67. Kc2
h3 68. Kd2 h2 69. Ke2 h1=Q 0-1

[Event "AUTO-INT-617"]
[Site "http://www.queenalice.com/game.php?id=388989"]
[Date "2008.4.17"]
[Round "2"]
[White "Alberlandes"]
[Black "jonathanodonnell"]
[Result "0-1"]
[WhiteElo "1951"]
[BlackElo "1850"]

1. d4 d5 2. Nf3 Nc6 3. e3 Bg4 4. Be2 Bxf3 5. Bxf3 Nf6 6. O-O e5 7. dxe5 Nxe5 8.
c3 c6 9. Be2 Bd6 10. f4 Ng6 11. Bd3 O-O 12. Bxg6 fxg6 13. Nd2 Qc7 14. Nf3 Ne4
15. Nd4 Rf6 16. Nf3 Raf8 17. Qd3 g5 18. c4 gxf4 19. cxd5 Nc5 20. Qd1 Ne4 21.
dxc6 Qxc6 22. Nd4 Qc4 23. b3 Qc3 24. Nb5 Qxa1 25. Qd5+ Kh8 26. Qxe4 fxe3 27.
Nxd6 Rxf1# 0-1

[Event "AUTO-INT-617"]
[Site "http://www.queenalice.com/game.php?id=388994"]
[Date "2008.4.17"]
[Round "2"]
[White "Alberlandes"]
[Black "adriano_slater"]
[Result "1-0"]
[WhiteElo "1949"]
[BlackElo "1433"]

1. d4 d5 2. Nf3 Nc6 3. Bg5 f6 4. Bf4 Bf5 5. c3 e6 6. Nbd2 Bd6 7. Bxd6 Qxd6 8.
Nh4 Na5 9. Nxf5 exf5 10. b4 Nc4 11. Nxc4 dxc4 12. e4 fxe4 13. Bxc4 Qc6 14. Qb3
b5 15. Bxg8 Rxg8 16. Qxg8+ Ke7 17. Qxg7+ Ke6 18. O-O Qxc3 19. Qxh7 Qxd4 20. Qxc7
Qxb4 21. Qc6+ 1-0

[Event "AUTO-INT-617"]
[Site "http://www.queenalice.com/game.php?id=388995"]
[Date "2008.4.17"]
[Round "2"]
[White "adriano_slater"]
[Black "Alberlandes"]
[Result "0-1"]
[WhiteElo "1435"]
[BlackElo "1947"]

1. e3 d5 2. d4 Nf6 3. Nc3 c6 4. Qf3 Bg4 5. Qg3 e6 6. Nf3 Bh5 7. Bd3 Nbd7 8. e4
Bg6 9. Bg5 dxe4 10. Nxe4 Be7 11. O-O Nxe4 12. Bxe4 Bxe4 13. Rac1 Bxf3 14. gxf3
Bxg5 15. f4 Bh6 16. c3 g5 17. fxg5 Bxg5 18. f4 Rg8 19. Rce1 Qe7 20. c4 O-O-O 21.
c5 Bh4 22. Qxg8 Rxg8+ 0-1

[Event "AUTO-OPEN-893"]
[Site "http://www.queenalice.com/game.php?id=408549"]
[Date "2008.5.26"]
[Round "2"]
[White "michas"]
[Black "Alberlandes"]
[Result "1-0"]
[WhiteElo "1839"]
[BlackElo "1919"]

1. h4 d5 2. h5 e5 3. h6 g6 4. d4 e4 5. Nc3 Bb4 6. a3 Bxc3+ 7. bxc3 Be6 8. Rb1 b6
9. e3 Qd6 10. f3 Nd7 11. f4 Ngf6 12. Ba6 O-O 13. Be2 Rae8 14. Nh3 Bxh3 15. Rxh3
c5 16. g4 Kh8 17. g5 Ng8 18. Bb5 f5 19. c4 dxc4 20. Bxc4 cxd4 21. Bb2 Rc8 22.
Bxd4+ Ngf6 23. Bxf6+ Rxf6 24. gxf6 Qxd1+ 25. Rxd1 Nxf6 26. Bb3 Rf8 27. Rh2 Ng4
28. Re2 Nxh6 29. Rd7 Ng4 30. Rxa7 h5 31. Rg2 Rf6 32. Rb7 Nxe3 33. Rd2 1-0

[Event "AUTO-OPEN-893"]
[Site "http://www.queenalice.com/game.php?id=408550"]
[Date "2008.5.26"]
[Round "2"]
[White "Alberlandes"]
[Black "michas"]
[Result "1-0"]
[WhiteElo "1901"]
[BlackElo "1881"]

1. d4 b5 2. e4 Bb7 3. Bd3 f5 4. d5 fxe4 5. Bxe4 Nf6 6. Bf3 a6 7. Ne2 g6 8. Bg5
Bg7 9. O-O O-O 10. c3 c6 11. Nf4 cxd5 12. Bxf6 Bxf6 13. Nxd5 Bxd5 14. Bxd5+ e6
15. Bxa8 d5 16. a4 Qb6 17. axb5 Qxb5 18. Qg4 Re8 19. Re1 Qd7 20. Nd2 Kf7 21. Qh3
Kg7 22. Ra5 Qd6 23. Bxd5 e5 24. Ne4 Qe7 25. Nxf6 Qxf6 26. c4 Rf8 27. Qe3 Qd8 28.
Qxe5+ Rf6 29. Bb7 Nd7 30. Qe7+ Qxe7 31. Rxe7+ Rf7 32. Rxf7+ Kxf7 33. Bd5+ Ke7
34. Rxa6 g5 35. Rc6 Nb8 36. Rh6 Nd7 37. Rxh7+ Kd6 38. Rxd7+ Kxd7 39. b4 Kd6 40.
g4 Kc7 41. c5 Kd7 42. b5 Kc8 43. b6 Kb8 44. c6 Kc8 45. c7 Kd7 46. Bb7 Kd6 47.
c8=Q Ke5 48. Qd7 Kf6 49. Qe8 Kg7 50. f4 gxf4 51. g5 f3 52. Bxf3 Kh7 53. Qf7+ Kh8
54. Qf8+ Kh7 55. Be4# 1-0

[Event "AUTO-OPEN-893"]
[Site "http://www.queenalice.com/game.php?id=408559"]
[Date "2008.5.26"]
[Round "2"]
[White "fabianno"]
[Black "Alberlandes"]
[Result "1-0"]
[WhiteElo "2013"]
[BlackElo "1913"]

1. Nf3 d5 2. g3 Nf6 3. Bg2 e6 4. O-O Be7 5. b3 O-O 6. Bb2 c5 7. d3 Nc6 8. Nbd2
h6 9. Re1 Nh7 10. d4 Ng5 11. Nxg5 Bxg5 12. dxc5 e5 13. a3 e4 14. c4 e3 15. Nf3
exf2+ 16. Kxf2 d4 17. Nxg5 hxg5 18. Bxc6 bxc6 19. Qxd4 Qxd4+ 20. Bxd4 Bh3 21. e3
f6 22. b4 f5 23. b5 f4 24. gxf4 Rf5 25. Kg3 g4 26. b6 Kf7 27. Reb1 axb6 28. cxb6
g5 29. b7 gxf4+ 30. exf4 1-0

[Event "AUTO-OPEN-893"]
[Site "http://www.queenalice.com/game.php?id=408560"]
[Date "2008.5.26"]
[Round "2"]
[White "Alberlandes"]
[Black "fabianno"]
[Result "1-0"]
[WhiteElo "1900"]
[BlackElo "2034"]

1. d4 Nf6 2. Nf3 d5 3. Bg5 e6 4. e3 h6 5. Bh4 Be7 6. Bd3 Nbd7 7. O-O c5 8. Bb5
O-O 9. c4 a6 10. Bxd7 Bxd7 11. cxd5 Nxd5 12. Bxe7 Qxe7 13. e4 Nf6 14. d5 Nxe4
15. d6 Nxd6 16. Nc3 Nf5 17. Re1 Bc6 18. Ne5 Nd4 19. Nxc6 Nxc6 20. Qh5 Rad8 21.
Re3 Rd2 22. Ne4 Rxb2 23. Rg3 Kh7 24. Qg4 g5 25. Qh5 Kg7 26. Nxg5 Rg8 27. Nxf7+
Kf8 28. Qxh6+ Kxf7 29. Qh7+ 1-0

[Event "AUTO-OPEN-893"]
[Site "http://www.queenalice.com/game.php?id=408567"]
[Date "2008.5.26"]
[Round "2"]
[White "Alberlandes"]
[Black "chapichapo"]
[Result "0-1"]
[WhiteElo "1945"]
[BlackElo "1641"]

1. d4 Nf6 2. c4 d5 3. Nf3 Bg4 4. Ne5 dxc4 5. Nxg4 Nxg4 6. Qa4+ c6 7. Qxc4 e6 8.
d5 Ne5 9. Qb3 exd5 10. Qxb7 Nbd7 11. b3 Nc5 12. Bb2 Nxb7 0-1

[Event "AUTO-OPEN-893"]
[Site "http://www.queenalice.com/game.php?id=408568"]
[Date "2008.5.26"]
[Round "2"]
[White "chapichapo"]
[Black "Alberlandes"]
[Result "0-1"]
[WhiteElo "1670"]
[BlackElo "1953"]

1. e4 c5 2. Bc4 Nc6 3. Qf3 Ne5 4. Qb3 Nxc4 5. Qxc4 b6 6. Nc3 Bb7 7. Nf3 Nf6 8.
Ng5 e6 9. O-O Be7 10. Re1 O-O 11. Re3 Nd5 12. exd5 exd5 13. Nxd5 Bxd5 14. Qxd5
Bxg5 15. Rg3 Re8 16. Re3 Bxe3 17. dxe3 d6 18. e4 Re5 19. Qc4 Qh4 20. a4 Rxe4 21.
Qf1 Rae8 22. Be3 R8e5 23. Qa6 h6 24. Qxa7 Rh5 25. Qa8+ Kh7 26. h3 d5 27. Ra3 d4
28. Bd2 Re2 29. g3 Qxh3 30. Qg2 Qe6 0-1

[Event "AUTO-INT-614"]
[Site "http://www.queenalice.com/game.php?id=416915"]
[Date "2008.6.13"]
[Round "3"]
[White "guzanito"]
[Black "Alberlandes"]
[Result "1-0"]
[WhiteElo "2134"]
[BlackElo "1901"]

1. e4 c5 2. Nf3 Nc6 3. d4 cxd4 4. Nxd4 d6 5. Be3 Nf6 6. Nc3 Bd7 7. Bc4 Nxd4 8.
Bxd4 e5 9. Be3 Be7 10. Bg5 Rc8 11. Bb3 h6 12. Bxf6 Bxf6 13. Qxd6 Rc6 14. Qd3 O-O
15. Rd1 Bg4 16. Qxd8 Bxd8 17. f3 Bh4+ 18. Ke2 Bh5 19. Rd7 Rb8 20. Rhd1 a6 21.
Nd5 b5 22. Ne7+ Bxe7 23. Rxe7 Rc5 24. Rdd7 Rf8 25. Ra7 g5 26. Rxa6 Kg7 27. Rae6
Bg6 28. Rxe5 Rxe5 29. Rxe5 1-0

[Event "AUTO-INT-614"]
[Site "http://www.queenalice.com/game.php?id=416916"]
[Date "2008.6.13"]
[Round "3"]
[White "Alberlandes"]
[Black "guzanito"]
[Result "0-1"]
[WhiteElo "1921"]
[BlackElo "2132"]

1. d4 e5 2. dxe5 d6 3. Nf3 Nc6 4. Bg5 f6 5. exf6 Nxf6 6. c3 Be7 7. Qb3 d5 8.
Nbd2 O-O 9. e3 Kh8 10. Nd4 Nxd4 11. cxd4 c6 12. Bd3 Ng4 13. Bxe7 Qxe7 14. O-O
Qh4 15. h3 Nxf2 16. Rxf2 Qxf2+ 17. Kh2 Qxd2 18. Rf1 Rxf1 19. Bxf1 b6 20. Qa3 Bf5
21. b4 Be4 0-1

[Event "AUTO-OPEN-867"]
[Site "http://www.queenalice.com/game.php?id=435262"]
[Date "2008.7.18"]
[Round "2"]
[White "QueenMalice"]
[Black "Alberlandes"]
[Result "0-1"]
[WhiteElo "1470"]
[BlackElo "1925"]

1. e4 c5 2. Nf3 d6 3. h3 Nc6 4. Bb5 Bd7 5. Qe2 a6 6. Bc4 Na5 7. Bd5 Rb8 8. d4
Nf6 9. Bc4 Nxc4 10. Qxc4 Bb5 11. Qc3 Nxe4 0-1

[Event "AUTO-OPEN-867"]
[Site "http://www.queenalice.com/game.php?id=435263"]
[Date "2008.7.18"]
[Round "2"]
[White "Alberlandes"]
[Black "QueenMalice"]
[Result "1-0"]
[WhiteElo "1923"]
[BlackElo "1472"]

1. d4 d5 2. Nf3 Nf6 3. Nc3 Bg4 4. Ne5 Bf5 5. Bg5 Nbd7 6. e3 a6 7. Be2 h6 8. Bh4
g5 9. Bg3 Bg7 10. O-O O-O 11. f4 g4 12. Bh4 1-0

[Event "AUTO-OPEN-867"]
[Site "http://www.queenalice.com/game.php?id=435266"]
[Date "2008.7.18"]
[Round "2"]
[White "smoran90"]
[Black "Alberlandes"]
[Result "1-0"]
[WhiteElo "2301"]
[BlackElo "1914"]

1. e4 c5 2. Nf3 d6 3. Bb5+ Nc6 4. O-O Bd7 5. Re1 a6 6. Bxc6 Bxc6 7. d4 b6 8. c4
Nf6 9. e5 Bxf3 10. Qxf3 dxe5 11. dxe5 Nd7 12. e6 fxe6 13. Rxe6 Nf6 14. Bg5 Rc8
15. Bxf6 gxf6 16. Nc3 Bg7 17. Nd5 1-0

[Event "AUTO-OPEN-867"]
[Site "http://www.queenalice.com/game.php?id=435267"]
[Date "2008.7.18"]
[Round "2"]
[White "Alberlandes"]
[Black "smoran90"]
[Result "0-1"]
[WhiteElo "1925"]
[BlackElo "2281"]

1. d4 Nf6 2. c4 g6 3. Nc3 d5 4. cxd5 Nxd5 5. e4 Nxc3 6. bxc3 Bg7 7. f4 c5 8.
Bb5+ Bd7 9. Qd3 cxd4 10. Nf3 dxc3 11. e5 O-O 12. Be3 Bc6 13. Qe2 Qa5 14. a4 Bxb5
15. Qxb5 Qxb5 16. axb5 Nd7 17. O-O a6 18. Bd4 Rfc8 19. Rfc1 c2 20. Ne1 Rc4 21.
Nxc2 Rac8 22. bxa6 bxa6 23. Rd1 Rxc2 24. Rxa6 Nf8 25. Be3 Re2 26. Bf2 Rcc2 27.
Rf1 h5 28. Ra8 g5 29. g3 gxf4 30. gxf4 Kh7 31. Ra3 Ng6 32. Rf3 Bh6 33. e6 fxe6
34. Re1 Nxf4 35. Rxe2 Rxe2 36. Bg3 e5 37. Kf1 Ra2 38. Bh4 Rxh2 39. Bxe7 Kg6 40.
Kg1 Ra2 41. Bd6 Kf5 0-1